<?xml version="1.0" encoding="UTF-8"?><?xml-stylesheet type="text/xsl" href="static/style.xsl"?><OAI-PMH xmlns="http://www.openarchives.org/OAI/2.0/" xmlns:xsi="http://www.w3.org/2001/XMLSchema-instance" xsi:schemaLocation="http://www.openarchives.org/OAI/2.0/ http://www.openarchives.org/OAI/2.0/OAI-PMH.xsd"><responseDate>2026-04-14T06:05:39Z</responseDate><request verb="GetRecord" identifier="oai:www.recercat.cat:2445/223402" metadataPrefix="marc">https://recercat.cat/oai/request</request><GetRecord><record><header><identifier>oai:recercat.cat:2445/223402</identifier><datestamp>2025-12-05T00:17:13Z</datestamp><setSpec>com_2072_1057</setSpec><setSpec>col_2072_478778</setSpec><setSpec>col_2072_478917</setSpec></header><metadata><record xmlns="http://www.loc.gov/MARC21/slim" xmlns:dcterms="http://purl.org/dc/terms/" xmlns:xsi="http://www.w3.org/2001/XMLSchema-instance" xmlns:doc="http://www.lyncode.com/xoai" xsi:schemaLocation="http://www.loc.gov/MARC21/slim http://www.loc.gov/standards/marcxml/schema/MARC21slim.xsd">
   <leader>00925njm 22002777a 4500</leader>
   <datafield ind2=" " ind1=" " tag="042">
      <subfield code="a">dc</subfield>
   </datafield>
   <datafield ind2=" " ind1=" " tag="720">
      <subfield code="a">Ninot i Sugrañes, Josep Maria</subfield>
      <subfield code="e">author</subfield>
   </datafield>
   <datafield ind2=" " ind1=" " tag="720">
      <subfield code="a">Miyasiro-López, María G.</subfield>
      <subfield code="e">author</subfield>
   </datafield>
   <datafield ind2=" " ind1=" " tag="720">
      <subfield code="a">Martínez-Amigo, Violeta</subfield>
      <subfield code="e">author</subfield>
   </datafield>
   <datafield ind2=" " ind1=" " tag="720">
      <subfield code="a">Carrillo, Empar</subfield>
      <subfield code="e">author</subfield>
   </datafield>
   <datafield ind2=" " ind1=" " tag="720">
      <subfield code="a">Pladevall Izard, Eulàlia</subfield>
      <subfield code="e">author</subfield>
   </datafield>
   <datafield ind2=" " ind1=" " tag="720">
      <subfield code="a">Pérez Haase, Aaron</subfield>
      <subfield code="e">author</subfield>
   </datafield>
   <datafield ind2=" " ind1=" " tag="260">
      <subfield code="c">2025-09-26T08:30:38Z</subfield>
   </datafield>
   <datafield ind2=" " ind1=" " tag="260">
      <subfield code="c">2025-09-26T08:30:38Z</subfield>
   </datafield>
   <datafield ind2=" " ind1=" " tag="260">
      <subfield code="c">2025-09-19</subfield>
   </datafield>
   <datafield ind2=" " ind1=" " tag="260">
      <subfield code="c">2025-09-26T08:30:38Z</subfield>
   </datafield>
   <datafield ind2=" " ind1=" " tag="520">
      <subfield code="a">Alpine mires in the Pyrenees are remarkable ecosystems for the singularity of their plant communities and for their occurrence at a southern distribution limit. However, the structure of their organic soils and their contribution to carbon (C) dynamics are largely unknown. In this study, we aimed to map and quantify organic C stocks and peat thickness in Pyrenean mires for the first time. In four mire sites located on the Iberian side of the central Pyrenees, we took more than a hundred soil core samples encompassing the vegetation mosaics found at each site and analysed their organic matter content along the soil profile. We then mapped overall C stock and peat thickness in the sites using interpolation techniques and analysed the relationship between soil properties and vegetation units. Peat thickness and organic C stocks varied greatly within and amongst mires, with average values increasing with elevation from 31.1 to 43.2 cm and from 14 to 21.3 kg m-2, respectively. Only part of the peat layer in each mire was thicker than 30 cm, and this part increased with elevation. Our results showed that the variation within and among sites is related to the complexity of the alpine physiography, where some drivers (like topoclimatic variables) operate at larger scale and others (such as topography and hydrology) at smaller scales coupled with complex vegetation mosaics. The complexity of the spatial patterns in C stocks observed, along with their relationship to vegetation, highlights the need for future research in mountain peatlands focused on disentangling the distinct factors that contribute to peat formation.</subfield>
   </datafield>
   <datafield tag="653" ind2=" " ind1=" ">
      <subfield code="a">Cartografia de la vegetació</subfield>
   </datafield>
   <datafield tag="653" ind2=" " ind1=" ">
      <subfield code="a">Paisatge</subfield>
   </datafield>
   <datafield tag="653" ind2=" " ind1=" ">
      <subfield code="a">Aiguamolls</subfield>
   </datafield>
   <datafield tag="653" ind2=" " ind1=" ">
      <subfield code="a">Vegetation mapping</subfield>
   </datafield>
   <datafield tag="653" ind2=" " ind1=" ">
      <subfield code="a">Landscape</subfield>
   </datafield>
   <datafield tag="653" ind2=" " ind1=" ">
      <subfield code="a">Marshes</subfield>
   </datafield>
   <datafield ind2="0" ind1="0" tag="245">
      <subfield code="a">Intricate Spatial Soil Carbon Distribution in Four Pyrenean Mires</subfield>
   </datafield>
</record></metadata></record></GetRecord></OAI-PMH>